¿La actual polìtica económica es Keynesiana (Registro nro. 114)

Detalles MARC
000 -LEADER
fixed length control field 01100 a2200241 4500
001 - CONTROL NUMBER
control field 145
005 - DATE AND TIME OF LATEST TRANSACTION
control field 20260407155413.0
008 - FIXED-LENGTH DATA ELEMENTS--GENERAL INFORMATION
fixed length control field 260407a2006 arg spa d
003 - CONTROL NUMBER IDENTIFIER
control field AR-UNSa-BCEJYS
040 ## - CATALOGING SOURCE
Original cataloging agency AR-UNSa-BCEJYS
Language of cataloging spa
Transcribing agency AR-UNSa-BCEJYS
080 ## - UNIVERSAL DECIMAL CLASSIFICATION NUMBER
Universal Decimal Classification number 330.8
Common auxiliary subdivision Historia de las teorías, Doctrinas, Dogmas económicos (pensamiento económico)
020 ## - INTERNATIONAL STANDARD BOOK NUMBER
International Standard Book Number 978-987-1281-11-4
100 1# - MAIN ENTRY--PERSONAL NAME
Personal name Mira Llambí, Pablo Javier
245 10 - TITLE STATEMENT
Title ¿La actual polìtica económica es Keynesiana
Name of part/section of a work Premio anual Dr. Manuel Belgrano Año 2003
264 #1 - PRODUCTION, PUBLICATION, DISTRIBUTION, MANUFACTURE, AND COPYRIGHT NOTICE
Place of production, publication, distribution, manufacture Buenos Aires :
Name of producer, publisher, distributor, manufacturer CPCECABA
Date of production, publication, distribution, manufacture, or copyright notice 2006
300 ## - PHYSICAL DESCRIPTION
Extent 88 p.
Dimensions 22 cm
505 ## - FORMATTED CONTENTS NOTE
Formatted contents note 1. Introducción - 2. El legado de Keynes - 3. Keynesianos - 4. Política económica argentina actual - 5. Autonomía y discrecionalidad - 6. Conclusiones y sugerencias de polñitica - 7. Bibliografía y refernecias - Anexo 1 y 2
590 ## - LOCAL NOTE (RLIN)
Local note niveau_biblio:m niveau_hierar:0
650 ## - SUBJECT ADDED ENTRY--TOPICAL TERM
Topical term or geographic name entry element KEYNES
650 ## - SUBJECT ADDED ENTRY--TOPICAL TERM
Topical term or geographic name entry element keynes
856 41 - ELECTRONIC LOCATION AND ACCESS
Uniform Resource Identifier <a href="https://biblioeco.unsa.edu.ar/pmb/images/libros/La actualidad pol?tica economica es keynesiana.jpg">https://biblioeco.unsa.edu.ar/pmb/images/libros/La actualidad pol?tica economica es keynesiana.jpg</a>
Link text Imagen de portada
Electronic format type image/jpeg
942 ## - ADDED ENTRY ELEMENTS (KOHA)
Koha item type
Existencias
Withdrawn status Lost status Damaged status Not for loan Home library Current library Shelving location Date acquired Total checkouts Full call number Barcode Date last seen Price effective from Koha item type
        Biblioteca Prof. Eusebio Cleto del Rey Biblioteca Prof. Eusebio Cleto del Rey   07/04/2026   330.8 M671 L117331 07/04/2026 07/04/2026 Libro